Implicaciones juridicas de la mecanización administrativa / Karl Zeidler
Publicado:
Madrid :
[Publicaciones del Centro de Formación y perfeccionamiento de Funcionarios] ,
1964
Descripción Física:
72 p. ; 21 cm
Colección:
Estudios administrativos ; 23
MARC
| LEADER | 00000nam a2200000Ia 4500 | ||
|---|---|---|---|
| 001 | 13857 | ||
| 008 | 160829s1964 xx 000 0 cat d | ||
| 080 | |a M-4-60 | ||
| 100 | |a Zeidler, Karl |9 25683 | ||
| 245 | |a Implicaciones juridicas de la mecanización administrativa / Karl Zeidler | ||
| 260 | |a Madrid : |b [Publicaciones del Centro de Formación y perfeccionamiento de Funcionarios], |c 1964 | ||
| 300 | |a 72 p. ; |c 21 cm | ||
| 490 | |a Estudios administrativos ; 23 | ||
| 590 | |a Notes, referències bibliogràfiques | ||
| 650 | |a Administració pública |x Automatització |x Aspectes jurídics |9 25684 | ||
| 710 | 2 | |a Centro de Formación y Perfeccionamiento de Funcionarios (Alcalá de Henares, Madrid) |9 54841 | |
| 901 | |a Arxiu | ||
| 942 | |n 1 | ||
| 952 | |0 0 |1 0 |4 0 |6 M460 |7 1 |9 43735 |a Arxiu |b Arxiu |d 2016-12-01 |l 0 |o M-4-60 |p 13857 |r 2016-12-01 00:00:00 |w 2016-12-01 |y ARXIU | ||
| 999 | |c 46283 |d 46283 | ||